La energía bajo la forma del calor y electricidad en el fenómeno químico (Record no. 143412)

MARC details
000 -LEADER
campo de control de longitud fija 00805nam a2200193 4500
001 - NÚMERO DE CONTROL
campo de control 143412
003 - IDENTIFICADOR DE NÚMERO DE CONTROL
campo de control ES-MaACL
005 - FECHA Y HORA DE LA ÚLTIMA TRANSACCIÓN
campo de control 20240203062548.0
007 - CAMPO FIJO DE DESCRIPCIÓN FÍSICA--INFORMACIÓN GENERAL
campo de control de longitud fija t|
008 - DATOS DE LONGITUD FIJA--INFORMACIÓN GENERAL
campo de control de longitud fija 070214s1904 sp r ||||1| spa d
100 1# - ENTRADA PRINCIPAL--NOMBRE DE PERSONA
Nombre de persona Serrano Rosales, Evaristo.
9 (RLIN) 105793
245 13 - MENCIÓN DEL TÍTULO
Título La energía bajo la forma del calor y electricidad en el fenómeno químico
Resto del título : combustión, el dato térmico en las reacciones químicas, los cambios de estado : discurso leído en el grado de Doctor en Ciencias /
Mención de responsabilidad, etc. por Evaristo Serrano Rosales.
260 ## - PUBLICACIÓN, DISTRIBUCIÓN, ETC.
Lugar de publicación, distribución, etc. La Bañeza :
Nombre del editor, distribuidor, etc. [s. n.],
Fecha de publicación, distribución, etc. 1904 (
Fabricante Imp. de Manuel Fernández Fernández)
300 ## - DESCRIPCIÓN FÍSICA
Extensión 41 p. ;
Dimensiones 22 cm.
500 ## - NOTA GENERAL
Nota general Tesis doctoral de la Universidad Central.
710 2# - ENTRADA AGREGADA--NOMBRE DE ENTIDAD CORPORATIVA
Nombre de entidad corporativa o nombre de jurisdicción como elemento de entrada Universidad Central (Madrid)
9 (RLIN) 7084
852 ## - LOCALIZACIÓN
Ubicación ES-MaACL
Número de control de estantería T-1043-F-1
Holdings
Estatus retirado Estado de pérdida Estado de daño No para préstamo Colección Biblioteca de origen Biblioteca actual Ubicación en estantería Fecha de adquisición Fuente de adquisición Total de préstamos Signatura topográfica completa Código de barras Visto por última vez Precio de reemplazo Tipo de ítem Koha
        Colección de folletos Biblioteca del Ateneo de Madrid Biblioteca del Ateneo de Madrid Depósito folletos 17/01/2008     T-1043-F-1 1149208 23/02/2023 23/02/2023 Folleto